| 000 | 01729namaa2200361 i 4500 | ||
|---|---|---|---|
| 001 | 174382 | ||
| 003 | ES-MaACL | ||
| 005 | 20260211111648.0 | ||
| 008 | 100412s1918 sp | |||| ||spa d | ||
| 080 | _a581.9(567) | ||
| 080 | _a581.9(55) | ||
| 100 | 1 |
_aPau, Carlos ( _d1857-1937) _9142490 |
|
| 245 | 1 | 0 |
_aPlantas de Persia y de Mesopotamia : _brecogidas por D. Fernando Martínez de la Escalera / _cpor Carlos Pau y Carlos Vicioso ; (con 5 láminas y una figura en el texto). |
| 260 |
_aMadrid : _b[Museo Nacional de Ciencias Naturales], _c1918. |
||
| 300 |
_a48 p., V h. de lám. : _b1 il. ; _c23 cm. |
||
| 490 | 1 |
_aTrabajos del Museo Nacional de Ciencias Naturales. Serie botánica ; _v14 |
|
| 504 | _aBibliografía: p. [47]-48. | ||
| 530 | _aDisponible en formato digital. | ||
| 594 | _aPrecede al tít.: Junta para Ampliación de Estudios e Investigaciones Científicas. | ||
| 599 | _aLám.: "L. de la Vega, del" ; "Fototipia de Hauser y Menet" ; Lám. col.: "Crespí J." | ||
| 650 | 4 |
_aFlora- _zIrak. _9142491 |
|
| 650 | 4 |
_aFlora- _zIrán. _9142492 |
|
| 700 | 1 |
_aMartínez de la Escalera, Fernando. _9142314 |
|
| 700 | 1 |
_aVicioso, Carlos ( _d1886-1968) _9114383 |
|
| 710 | 2 |
_aJunta para la Ampliación de Estudios e Investigaciones Científicas. _95413 |
|
| 710 | 2 |
_aMuseo Nacional de Ciencias Naturales (España) _95897 |
|
| 710 | 2 |
_aHauser y Menet (Madrid) _94558 |
|
| 830 | 1 |
_aTrabajos del Museo Nacional de Ciencias Naturales. Serie botánica ; _v14 _9189324 |
|
| 852 | 4 |
_aES-MaACL _jB-13137(7) _cSPB _x Encuadernado con otras obras |
|
| 856 | 4 |
_uhttps://bibdigital.rjb.csic.es/idurl/1/10027 _yBiblioteca Digital del Real Jardín Botánico |
|
| 942 | _2udc | ||
| 999 |
_c174382 _d174382 |
||